| 000 | 00000nam 2200000za 4500 |
| 001 | 9.640029 |
| 003 | CaOODSP |
| 005 | 20210624222453 |
| 007 | cr ||||||||||| |
| 008 | 150407|2012||||xxc|||||o f|0| 0 fre d |
| 020 | |a978-1-100-98953-2 |
| 040 | |aCaOODSP|bfre |
| 043 | |an-cn--- |
| 086 | 1 |aCC172-83/2012F-PDF |
| 245 | 00|aGestion des stériles des mines d'uranium et des résidus des usines de concentration d'uranium |h[ressource électronique]. |
| 250 | |aVersion 1.0 |
| 260 | |aOttawa : |bCommission canadienne de sûreté nucléaire, |c2012. |
| 300 | |a16 p. |
| 490 | 1 |aDocument d’application de la réglementation ; |lRD/GD-370 |
| 500 | |a« Mars 2012 ». |
| 500 | |a« Historique de publication: Mars 2012, Version 1.0 ; Juillet 2011, Version provisoire aux fins de consultation publique ; Mars 2010, Document de discussion DIS-10-01, Gestion des stériles des mines d’uranium et des résidus des usines de concentration d’uranium ». |
| 500 | |aPublié aussi en anglais sous le titre : Management of uranium mine waste rock and mill t tailings. |
| 504 | |aComprend des réf. bibliogr. |
| 590 | |a12-13|b2012-03-30 |
| 710 | 2 |aCommission canadienne de sûreté nucléaire. |
| 775 | 08|tManagement of uranium mine waste rock and mill tailings |w(CaOODSP)9.695909 |
| 794 | |tGestion des déchets. |w(CaOODSP)9.864025 |
| 856 | 40|ahttp://publications.gc.ca|qPDF|s399 Ko|uhttps://publications.gc.ca/collections/collection_2012/ccsn-cnsc/CC172-83-2012-fra.pdf |
| 986 | |aRD/GD-370 |